00427nam a2200121Ia 45000010005000000080041000050820025000461000053000712450111001242600028002359010027002639990015002903093241024s9999 xx 000 0 und d aRD/352.48/R426s/2013 aRepública Dominicana.Ministerio de Educación 0aSobre la ejecución presupuestaria y las mejoras aperativas con miras al cierre del ejercicio fiscal 2013 b[*SIN EDITORIAL*]c2013 a25/7/2013 2:06:58 p.m. c9465d9465